000 00326nam a2200121Ia 4500
008 220204s9999 xx 000 0 und d
082 _aNR:338.45(595)
_bDRA
100 _aDrabble, John H
245 0 _aMalayan rubber: The interwar years
260 _aLondon
_bMacmillan
_c1991
650 _aMalayan rubber industry
942 _cBK
999 _c40435
_d40435